00426nam a2200169Ia 4500003000400000005001700004008004100021020001800062040000700080041000800087082001500095100002000110245005800130260003900188300001600227365001300243OSt20230420134740.0210423s2011 xx 000 0 und d a9780143068266 cAL aeng a923.2 GUPP aGUPTE (Pranay). aMother India: a political biography of Indira Gandhi. aNew DelhibPenguin Books Ltdc2011 axii,597bPB b450cINR